[Event "SV Lauf 1-SG Muehlhof-R'dorf/Schw. 1"]
[Site "?"]
[Date "2015.03.08"]
[Round "7.4"]
[White "Fiedler, Lars"]
[Black "Reuter, Roland"]
[Result "1-0"]
[WhiteElo "2057"]
[BlackElo "1934"]
[PlyCount "55"]
[EventDate "2015.??.??"]
[WhiteTeam "SV Lauf 1"]
[BlackTeam "SG Mühlhof-R'dorf/Schw. 1"]

1. e4 c5 2. Nc3 Nc6 3. f4 d6 4. Nf3 g6 5. Bb5 Bg7 6. O-O Bd7 7. d3 a6 8. Bxc6
Bxc6 9. Qe1 Nf6 10. Rb1 O-O 11. Qh4 e6 12. f5 exf5 13. Bg5 h6 14. Bxh6 Bxh6 15.
Qxh6 Ng4 16. Qf4 Qf6 17. exf5 Qxf5 18. Qxf5 gxf5 19. Nh4 Ne3 20. Rf2 f4 21.
Rxf4 Nxc2 22. Nf5 Kh7 23. Rbf1 Rad8 24. Rh4+ Kg6 25. Rh6+ Kg5 26. Rh3 f6 27.
Rg3+ Kh5 28. Rf4 1-0

[Event "SV Lauf 1-SG Muehlhof-R'dorf/Schw. 1"]
[Site "?"]
[Date "2015.03.08"]
[Round "7.5"]
[White "Leis, Stefan"]
[Black "Bayer, Marius"]
[Result "1/2-1/2"]
[WhiteElo "1888"]
[BlackElo "1920"]
[PlyCount "116"]
[EventDate "2015.??.??"]
[WhiteTeam "SG Mühlhof-R'dorf/Schw. 1"]
[BlackTeam "SV Lauf 1"]

1. d4 f5 2. g3 g6 3. Bg2 Bg7 4. Nf3 d6 5. c4 Nf6 6. b3 O-O 7. Ba3 c6 8. O-O Ne4
9. Nbd2 Qb6 10. Qc2 Nxd2 11. Qxd2 Nd7 12. e3 Nf6 13. Ng5 h6 14. Nh3 Re8 15. Nf4
Kh7 16. Nd3 Ne4 17. Qe1 Qc7 18. f3 Ng5 19. f4 Nf7 20. Qd2 e5 21. Bb2 e4 22. Nf2
Qe7 23. b4 b6 24. Qc2 Bd7 25. Rfc1 d5 26. Bf1 Qxb4 27. a4 Qe7 28. cxd5 cxd5 29.
Ba6 Qe6 30. Ba3 Bf8 31. Nd1 Nd6 32. Qc7 Kg8 33. Nb2 Bc8 34. Bb5 Nxb5 35. axb5
Bxa3 36. Rxa3 Re7 37. Qc3 Qd7 38. Qb4 Kf7 39. Rac3 Bb7 40. Na4 Rc8 41. Qb3 Ree8
42. Kf2 Rxc3 43. Rxc3 Ke6 44. Rc1 Rc8 45. Rc3 Rc7 46. Qa3 Qd6 47. Qb3 g5 48.
Qc2 Rxc3 49. Qxc3 gxf4 50. gxf4 Qd8 51. Kf1 Qe8 52. Qb4 Qh5 53. Qd2 Qf3+ 54.
Kg1 Qg4+ 55. Kf2 Bc8 56. Nc3 a6 57. Qc1 Qf3+ 58. Kg1 Qg4+ 1/2-1/2

[Event "SV Lauf 1-SG Muehlhof-R'dorf/Schw. 1"]
[Site "?"]
[Date "2015.03.08"]
[Round "7.6"]
[White "Daumin, Jan"]
[Black "Dietrich, Jochen"]
[Result "0-1"]
[WhiteElo "1726"]
[BlackElo "1884"]
[PlyCount "104"]
[EventDate "2015.??.??"]
[WhiteTeam "SV Lauf 1"]
[BlackTeam "SG Mühlhof-R'dorf/Schw. 1"]

1. e4 d6 2. d4 Nf6 3. Nc3 g6 4. Bc4 Bg7 5. Nge2 c6 6. Bb3 O-O 7. O-O Nbd7 8. f4
Nb6 9. Be3 d5 10. e5 Ng4 11. Bd2 f5 12. exf6 exf6 13. h3 Nh6 14. a3 Re8 15. g4
Nc4 16. Bxc4 dxc4 17. Be1 f5 18. g5 Nf7 19. Bf2 Be6 20. Ng3 Bd5 21. Nxd5 Qxd5
22. Qd2 Re7 23. Rfe1 Rae8 24. c3 Nd6 25. Rxe7 Rxe7 26. Re1 Kf7 27. Rxe7+ Kxe7
28. Qe2+ Qe6 29. Qxe6+ Kxe6 30. d5+ Kxd5 31. Bxa7 Ne4 32. Ne2 Bf8 33. Kg2 Bc5
34. Bb8 Bb6 35. Kf3 Nc5 36. Nc1 Na4 37. b3 cxb3 38. Nxb3 Kc4 39. Nd2+ Kxc3 40.
Ke2 Kd4 41. Be5+ Kd5 42. Kd3 Bc5 43. Nc4 b5 44. Ne3+ Ke6 45. Nc2 Nb6 46. Bd4
Bxd4 47. Kxd4 Kd6 48. Ne1 c5+ 49. Kd3 Kd5 50. Nf3 Nc4 51. Kc3 Nxa3 52. Ne5 b4+
0-1

[Event "SV Lauf 1-SG Muehlhof-R'dorf/Schw. 1"]
[Site "?"]
[Date "2015.03.08"]
[Round "7.7"]
[White "Proeschel, Gerhard"]
[Black "Scherb, Ansgar"]
[Result "0-1"]
[WhiteElo "1825"]
[BlackElo "1793"]
[PlyCount "56"]
[EventDate "2015.??.??"]
[WhiteTeam "SG Mühlhof-R'dorf/Schw. 1"]
[BlackTeam "SV Lauf 1"]

1. c4 Nf6 2. d4 e6 3. Nf3 b6 4. Nc3 Bb4 5. Bg5 Bb7 6. e3 h6 7. Bh4 g5 8. Bg3 d6
9. Nd2 Bxc3 10. bxc3 Nbd7 11. f3 d5 12. h4 Nh5 13. Bf2 Qf6 14. f4 Nxf4 15. exf4
gxf4 16. Nf3 O-O-O 17. Qa4 e5 18. O-O-O e4 19. Ne5 e3 20. Nxd7 Rxd7 21. Bg1 a5
22. c5 bxc5 23. Be2 Rd6 24. Qxa5 c4 25. Bg4+ Kb8 26. Qa4 Rb6 27. Qc2 Qd6 28.
Qa4 Qg6 0-1

[Event "SV Lauf 1-SG Muehlhof-R'dorf/Schw. 1"]
[Site "?"]
[Date "2015.03.08"]
[Round "7.8"]
[White "Zach, Andreas"]
[Black "Hetzner, Helmut"]
[Result "0-1"]
[WhiteElo "1820"]
[BlackElo "1859"]
[PlyCount "50"]
[EventDate "2015.??.??"]
[WhiteTeam "SV Lauf 1"]
[BlackTeam "SG Mühlhof-R'dorf/Schw. 1"]

1. d4 d6 2. e4 Nf6 3. Nc3 g6 4. Bg5 Bg7 5. Be2 Nbd7 6. Nf3 h6 7. Bf4 c5 8. O-O
cxd4 9. Nb5 Nxe4 10. Bd3 Nec5 11. Nxd6+ exd6 12. Bxd6 Qb6 13. Re1+ Ne6 14. Ba3
Ndc5 15. Bc4 O-O 16. Ne5 Rd8 17. Qf3 Qc7 18. Qxf7+ Qxf7 19. Nxf7 Kxf7 20. Bxc5
b6 21. Bb4 a5 22. Bd2 Bd7 23. a4 Rac8 24. Bb3 Kf6 25. Bd5 Rxc2 0-1

[Event "SK Neumarkt 1-SC Heideck/Hilpoltstein 1"]
[Site "?"]
[Date "2015.03.08"]
[Round "7.1"]
[White "Fink, Martin"]
[Black "Beesk, Kevin"]
[Result "1/2-1/2"]
[WhiteElo "1847"]
[BlackElo "1992"]
[PlyCount "21"]
[EventDate "2015.??.??"]
[WhiteTeam "SC Heideck/Hilpoltstein 1"]
[BlackTeam "SK Neumarkt 1"]

1. e4 c5 2. Nf3 e6 3. d4 cxd4 4. Nxd4 Nc6 5. Be2 Qc7 6. O-O a6 7. Be3 Nf6 8.
Bf3 Ne5 9. Nd2 h5 10. c4 Neg4 11. g3 1/2-1/2

[Event "SK Neumarkt 1-SC Heideck/Hilpoltstein 1"]
[Site "?"]
[Date "2015.03.08"]
[Round "7.3"]
[White "Wegmann, Wolfgang"]
[Black "Bothe, Matthias"]
[Result "1/2-1/2"]
[WhiteElo "1901"]
[BlackElo "1823"]
[PlyCount "23"]
[EventDate "2015.??.??"]
[WhiteTeam "SC Heideck/Hilpoltstein 1"]
[BlackTeam "SK Neumarkt 1"]

1. d4 Nf6 2. c4 g6 3. Nc3 d5 4. Qb3 c6 5. Nf3 Bg7 6. e3 O-O 7. Be2 Qb6 8. O-O
Qxb3 9. axb3 Nbd7 10. c5 Ne4 11. Nxe4 dxe4 12. Nd2 1/2-1/2

[Event "SK Neumarkt 1-SC Heideck/Hilpoltstein 1"]
[Site "?"]
[Date "2015.03.08"]
[Round "7.4"]
[White "Brunner, Wolfgang"]
[Black "Korth, Manfred"]
[Result "1/2-1/2"]
[WhiteElo "1900"]
[BlackElo "1833"]
[PlyCount "23"]
[EventDate "2015.??.??"]
[WhiteTeam "SK Neumarkt 1"]
[BlackTeam "SC Heideck/Hilpoltstein 1"]

1. d4 d6 2. c4 e5 3. dxe5 dxe5 4. Qxd8+ Kxd8 5. Nc3 c6 6. Nf3 f6 7. a3 Be6 8.
e4 Nd7 9. Be3 Bc5 10. Bxc5 Nxc5 11. O-O-O+ Kc7 12. Kc2 1/2-1/2

[Event "SK Neumarkt 1-SC Heideck/Hilpoltstein 1"]
[Site "?"]
[Date "2015.03.08"]
[Round "7.6"]
[White "Moesl, Sebastian"]
[Black "Perner, Bastian"]
[Result "1/2-1/2"]
[WhiteElo "1769"]
[BlackElo "1880"]
[PlyCount "27"]
[EventDate "2015.??.??"]
[WhiteTeam "SK Neumarkt 1"]
[BlackTeam "SC Heideck/Hilpoltstein 1"]

1. e4 e5 2. Nf3 Nc6 3. Nc3 Nf6 4. d4 exd4 5. Nxd4 Bb4 6. Nxc6 Bxc3+ 7. bxc3
bxc6 8. Bd3 d6 9. O-O O-O 10. Bg5 h6 11. Bh4 Qe7 12. Re1 Qe5 13. Qd2 Nd7 14.
Bg3 1/2-1/2

[Event "SK Neumarkt 1-SC Heideck/Hilpoltstein 1"]
[Site "?"]
[Date "2015.03.08"]
[Round "7.7"]
[White "Strnad, Alfred"]
[Black "Beer, Franz Xaver"]
[Result "1/2-1/2"]
[WhiteElo "1869"]
[BlackElo "1745"]
[PlyCount "26"]
[EventDate "2015.??.??"]
[WhiteTeam "SC Heideck/Hilpoltstein 1"]
[BlackTeam "SK Neumarkt 1"]

1. e4 c5 2. Nf3 Nc6 3. d4 cxd4 4. Nxd4 e6 5. Be3 a6 6. Nc3 Be7 7. Be2 d6 8. O-O
Nf6 9. f4 Qc7 10. Qd2 O-O 11. Kh1 Bd7 12. Rad1 Rad8 13. Nf3 Bc8 1/2-1/2

[Event "SK Neumarkt 1-SC Heideck/Hilpoltstein 1"]
[Site "?"]
[Date "2015.03.08"]
[Round "7.8"]
[White "Schilay, Andre"]
[Black "Ruderer, Maximilian"]
[Result "1/2-1/2"]
[WhiteElo "1667"]
[BlackElo "1728"]
[PlyCount "30"]
[EventDate "2015.??.??"]
[WhiteTeam "SK Neumarkt 1"]
[BlackTeam "SC Heideck/Hilpoltstein 1"]

1. c4 c5 2. Nc3 Nc6 3. g3 Nf6 4. Bg2 g6 5. Nf3 Bg7 6. O-O d6 7. d3 O-O 8. e4
Bg4 9. h3 Bxf3 10. Bxf3 e6 11. Be3 Qe7 12. Qd2 Rad8 13. Bg2 a6 14. Rac1 Nd7 15.
a3 Rb8 1/2-1/2

[Event "SK Neumarkt 1-SV Lauf 1"]
[Site "?"]
[Date "2015.03.22"]
[Round "8.1"]
[White "Hanisch, Friedrich"]
[Black "Beesk, Kevin"]
[Result "0-1"]
[WhiteElo "1987"]
[BlackElo "1992"]
[PlyCount "122"]
[EventDate "2015.??.??"]
[WhiteTeam "SV Lauf 1"]
[BlackTeam "SK Neumarkt 1"]

1. d4 Nf6 2. Nf3 b6 3. e3 Bb7 4. Bd3 e6 5. O-O c5 6. b3 cxd4 7. exd4 Be7 8. Bb2
O-O 9. c4 d5 10. Ne5 Nbd7 11. Nd2 Ne4 12. Nxd7 Qxd7 13. Nf3 Rfd8 14. Ne5 Qe8
15. f3 Nf6 16. Qe2 a6 17. Rac1 dxc4 18. bxc4 Rac8 19. Rfd1 Nd7 20. Be4 Bxe4 21.
Qxe4 Nxe5 22. Qxe5 Qa4 23. Qe2 Qxa2 24. Rc2 Qb3 25. Rc3 Qb4 26. Qc2 Qd6 27. Ba3
Qd7 28. Bxe7 Qxe7 29. Qa4 Qa7 30. Ra3 Ra8 31. Rb3 Qc7 32. Qb4 Rd6 33. Rbd3 Rad8
34. Qa4 a5 35. Qb5 Qd7 36. Qa6 Qa4 37. Rb1 Qc2 38. Rbd1 g6 39. R3d2 Qc3 40. Rd3
Qb4 41. Kf2 Rxd4 42. Rxd4 Qc5 43. Qb5 Rxd4 44. Qxc5 bxc5 45. Ra1 Rxc4 46. Rxa5
Rc2+ 47. Kg3 Kg7 48. h4 h5 49. Kf4 Kf6 50. g4 Rc4+ 51. Kg3 hxg4 52. fxg4 Ke5
53. h5 gxh5 54. gxh5 Kf6 55. Ra7 Rc1 56. Rc7 c4 57. Kg2 Rd1 58. Rxc4 Rd5 59.
Rh4 Kg5 60. Rh1 Kh6 61. Rf1 Rf5 0-1

[Event "SK Neumarkt 1-SV Lauf 1"]
[Site "?"]
[Date "2015.03.22"]
[Round "8.2"]
[White "Simon, Martin"]
[Black "Leopold, Christian"]
[Result "1/2-1/2"]
[WhiteElo "1926"]
[BlackElo "1962"]
[PlyCount "80"]
[EventDate "2015.??.??"]
[WhiteTeam "SK Neumarkt 1"]
[BlackTeam "SV Lauf 1"]

1. e4 c5 2. Nf3 d6 3. Bb5+ Bd7 4. Bxd7+ Nxd7 5. O-O Ngf6 6. Re1 g6 7. c3 Bg7 8.
d4 e5 9. Na3 cxd4 10. cxd4 O-O 11. Bg5 Rc8 12. Rc1 Rxc1 13. Qxc1 Qb8 14. Qc4
Rc8 15. Qb4 d5 16. exd5 Nxd5 17. Qb5 N5b6 18. Nxe5 Nxe5 19. dxe5 Re8 20. Bf4
Re6 21. Bg3 Qd8 22. Qe2 Qe7 23. f4 Qb4 24. Nb5 Nd5 25. a3 Qa4 26. b4 a6 27. Nd4
Re8 28. Qc4 Qd7 29. Nb3 Rc8 30. Nc5 Qc6 31. Qe4 Bf8 32. Bf2 a5 33. Nd3 axb4 34.
Nxb4 Nxb4 35. axb4 Qb5 36. e6 Bxb4 37. exf7+ Kf8 38. Rb1 Rc4 39. Qe5 Qxe5 40.
fxe5 Kxf7 1/2-1/2

[Event "SK Neumarkt 1-SV Lauf 1"]
[Site "?"]
[Date "2015.03.22"]
[Round "8.3"]
[White "Rausch, Wolfgang jr"]
[Black "Bothe, Matthias"]
[Result "1/2-1/2"]
[WhiteElo "2017"]
[BlackElo "1823"]
[PlyCount "111"]
[EventDate "2015.??.??"]
[WhiteTeam "SV Lauf 1"]
[BlackTeam "SK Neumarkt 1"]

1. e4 e6 2. Qe2 c5 3. f4 Nc6 4. Nf3 d5 5. exd5 Qxd5 6. Nc3 Qd8 7. Qf2 Nf6 8.
Bb5 Bd7 9. O-O Rc8 10. Ne5 a6 11. Bxc6 Bxc6 12. d3 Bd6 13. Nxc6 Rxc6 14. Ne4
O-O 15. Qe2 Nxe4 16. Qxe4 Qf6 17. Be3 Qxb2 18. Rab1 Qxa2 19. Rxb7 Qd5 20. c4
Qxe4 21. dxe4 Rb8 22. Rfb1 Rxb7 23. Rxb7 f6 24. Kf2 a5 25. Rb5 Ra6 26. Bxc5
Bxc5+ 27. Rxc5 a4 28. Rb5 a3 29. Rb1 a2 30. Ra1 Kf7 31. e5 Ra3 32. exf6 gxf6
33. g4 e5 34. fxe5 fxe5 35. g5 Kg6 36. c5 Kxg5 37. c6 Rc3 38. Rxa2 Rxc6 39. Ke3
Rc4 40. Rf2 Rf4 41. Rg2+ Kh4 42. Rg7 h5 43. Re7 Rf5 44. Ke4 Rf2 45. Kxe5 Rxh2
46. Kf4 Rf2+ 47. Ke3 Rf8 48. Rg7 Kh3 49. Ke2 h4 50. Rg6 Kh2 51. Rg7 h3 52. Rg6
Ra8 53. Kf2 Ra2+ 54. Kf1 Ra1+ 55. Kf2 Kh1 56. Rh6 1/2-1/2

[Event "SK Neumarkt 1-SV Lauf 1"]
[Site "?"]
[Date "2015.03.22"]
[Round "8.4"]
[White "Schilay, Lorenz"]
[Black "Fiedler, Lars"]
[Result "0-1"]
[WhiteElo "1732"]
[BlackElo "2057"]
[PlyCount "66"]
[EventDate "2015.??.??"]
[WhiteTeam "SK Neumarkt 1"]
[BlackTeam "SV Lauf 1"]

1. e4 e5 2. Nf3 Nc6 3. Nc3 Nf6 4. a3 d5 5. Bb5 d4 6. Ne2 Bd6 7. d3 Bd7 8. Ng3
g6 9. Bc4 Qe7 10. O-O O-O-O 11. Ng5 Rdf8 12. c3 h5 13. h4 Nh7 14. Qa4 Nxg5 15.
Bxg5 f6 16. Bd2 g5 17. hxg5 fxg5 18. cxd4 exd4 19. Bd5 Qe5 20. Bxc6 Bxc6 21.
Qa5 Bb5 22. f4 gxf4 23. Nf5 Rxf5 24. exf5 b6 25. Qxa7 Bc6 26. Qa6+ Kd7 27. Qc4
Qxf5 28. Qxd4 Rg8 29. Rf2 Qh3 30. Rc1 Rxg2+ 31. Kf1 f3 32. Rxf3 Qxf3+ 33. Ke1
Qe2# 0-1

[Event "SK Neumarkt 1-SV Lauf 1"]
[Site "?"]
[Date "2015.03.22"]
[Round "8.5"]
[White "Puschak, Oliver"]
[Black "Brunner, Wolfgang"]
[Result "1/2-1/2"]
[WhiteElo "1938"]
[BlackElo "1900"]
[PlyCount "42"]
[EventDate "2015.??.??"]
[WhiteTeam "SV Lauf 1"]
[BlackTeam "SK Neumarkt 1"]

1. b3 e5 2. Bb2 Nc6 3. f4 d6 4. fxe5 dxe5 5. Nc3 Nf6 6. e4 Bb4 7. Qf3 Bg4 8.
Qd3 O-O 9. Nf3 Bxc3 10. Bxc3 Qe7 11. O-O-O Nb4 12. Bxb4 Qxb4 13. Re1 Rfd8 14.
Qb5 a5 15. Qxb4 axb4 16. Nxe5 Rxa2 17. d3 Ra1+ 18. Kd2 Rxe1 19. Kxe1 Ra8 20. h3
Ra1+ 21. Kd2 Rd1+ 1/2-1/2

[Event "SK Neumarkt 1-SV Lauf 1"]
[Site "?"]
[Date "2015.03.22"]
[Round "8.6"]
[White "Niebler, Andreas"]
[Black "Walter, Manfred"]
[Result "1/2-1/2"]
[WhiteElo "1801"]
[BlackElo "1661"]
[PlyCount "49"]
[EventDate "2015.??.??"]
[WhiteTeam "SK Neumarkt 1"]
[BlackTeam "SV Lauf 1"]

1. d4 d6 2. c4 e5 3. dxe5 dxe5 4. Qxd8+ Kxd8 5. Nc3 Be6 6. e3 c6 7. Nf3 f6 8.
Be2 Nh6 9. Bd2 Nd7 10. O-O Nb6 11. b3 Ba3 12. Bc1 Bxc1 13. Raxc1 Kc7 14. Rfd1
Rad8 15. e4 Rxd1+ 16. Rxd1 Rd8 17. Rxd8 Kxd8 18. c5 Nd7 19. Na4 b6 20. cxb6
axb6 21. Ne1 Nf7 22. f3 Kc7 23. Kf2 Nd6 24. Ke3 f5 25. Nb2 1/2-1/2

[Event "SK Neumarkt 1-SV Lauf 1"]
[Site "?"]
[Date "2015.03.22"]
[Round "8.7"]
[White "Breitenbach, Albert"]
[Black "Lutter, Maximilian"]
[Result "0-1"]
[WhiteElo "1713"]
[BlackElo "1928"]
[PlyCount "52"]
[EventDate "2015.??.??"]
[WhiteTeam "SV Lauf 1"]
[BlackTeam "SK Neumarkt 1"]

1. e4 e5 2. Nf3 Nc6 3. d4 exd4 4. Bc4 Bc5 5. c3 Nf6 6. b4 Be7 7. Nxd4 O-O 8. f3
d5 9. exd5 Ne5 10. Bb3 c5 11. dxc6 bxc6 12. O-O Ba6 13. Re1 Nd3 14. Re3 Nxc1
15. Qxc1 Bd6 16. Re1 Qc7 17. h3 Bh2+ 18. Kh1 Bg3 19. Rd1 Rae8 20. Nd2 Nh5 21.
c4 Bf4 22. g4 Ng3+ 23. Kg2 Ne2 24. Qb2 Bxd2 25. Nxe2 Rxe2+ 26. Kf1 Qh2 0-1

[Event "SK Neumarkt 1-SV Lauf 1"]
[Site "?"]
[Date "2015.03.22"]
[Round "8.8"]
[White "Hummel, Thomas"]
[Black "Giering, Goetz"]
[Result "0-1"]
[WhiteElo "1676"]
[BlackElo "1787"]
[PlyCount "78"]
[EventDate "2015.??.??"]
[WhiteTeam "SK Neumarkt 1"]
[BlackTeam "SV Lauf 1"]

1. b3 Nf6 2. Bb2 d5 3. e3 Bf5 4. Nf3 e6 5. Be2 Bd6 6. d4 c5 7. Bb5+ Nbd7 8. O-O
O-O 9. a4 cxd4 10. exd4 Rc8 11. c4 a6 12. Bxd7 Qxd7 13. c5 Bf4 14. g3 Bc7 15.
Nh4 Bg4 16. f3 Bh3 17. Re1 Nh5 18. Kf2 Qe7 19. Ng2 Qg5 20. Rg1 Bxg3+ 21. hxg3
Qxg3+ 22. Ke3 Bxg2 23. Nd2 Qf4+ 24. Kd3 Qf5+ 25. Kc3 Nf4 26. Nf1 Bxf1 27. Qxf1
b6 28. b4 a5 29. Ba3 bxc5 30. bxc5 Rb8 31. Rg4 Rb7 32. Bc1 Ng6 33. Rg5 Qf6 34.
f4 Rfb8 35. Ra3 Rb4 36. Be3 Ne7 37. Qd3 Nf5 38. Bf2 Rc4+ 39. Kd2 Rb2+ 0-1

[Event "SG Muehlhof-R'dorf/Schw. 1-SG Bubenr./M"]
[Site "?"]
[Date "2015.03.22"]
[Round "8.1"]
[White "Handl, Johannes"]
[Black "Ahmels, Christian"]
[Result "0-1"]
[WhiteElo "1882"]
[BlackElo "2050"]
[PlyCount "74"]
[EventDate "2015.??.??"]
[WhiteTeam "SG Bubenr./Möhrendf. 1"]
[BlackTeam "SG Mühlhof-R'dorf/Schw. 1"]

1. e4 c5 2. Nf3 e6 3. d4 cxd4 4. Nxd4 Nf6 5. Nc3 d6 6. Be2 a6 7. O-O Qc7 8. Be3
b5 9. a3 Bb7 10. Bd3 Nbd7 11. f4 h5 12. Kh1 Rc8 13. e5 dxe5 14. Nxe6 Qc6 15.
Nxg7+ Bxg7 16. Qd2 O-O 17. Bf5 Rce8 18. Rf3 e4 19. Rg3 Nb6 20. Qf2 Nfd7 21.
Rxg7+ Kxg7 22. Qg3+ Kh8 23. Bd4+ f6 24. Qg6 Re7 25. Re1 Qc4 26. Bxb6 Nxb6 27.
Nxe4 Bxe4 28. Qxh5+ Kg8 29. Bxe4 f5 30. Qg6+ Rg7 31. Qxb6 fxe4 32. Qxa6 Rxf4
33. Rg1 Rf1 34. b3 Rxg1+ 35. Kxg1 Qd4+ 36. Kf1 Rf7+ 37. Ke1 Qe3+ 0-1

[Event "SG Muehlhof-R'dorf/Schw. 1-SG Bubenr./M"]
[Site "?"]
[Date "2015.03.22"]
[Round "8.2"]
[White "Greul, Hans"]
[Black "Kramer, Manuel"]
[Result "1-0"]
[WhiteElo "1996"]
[BlackElo "1861"]
[PlyCount "71"]
[EventDate "2015.??.??"]
[WhiteTeam "SG Mühlhof-R'dorf/Schw. 1"]
[BlackTeam "SG Bubenr./Möhrendf. 1"]

1. d4 e6 2. e3 d5 3. c4 Nf6 4. Nf3 Be7 5. Bd3 dxc4 6. Bxc4 O-O 7. O-O b6 8. Qe2
Bb7 9. Rd1 Nbd7 10. b3 c5 11. Bb2 Rc8 12. Nc3 Qc7 13. Rac1 Qb8 14. Ba3 Rfd8 15.
Ba6 Bf8 16. Bb2 cxd4 17. Nxd4 Nc5 18. Bc4 Rc7 19. f3 Nd5 20. Bxd5 Bxd5 21. Rc2
Bb7 22. b4 Na6 23. a3 Rcd7 24. Rcc1 Bxb4 25. axb4 Nxb4 26. Rd2 Ba6 27. Qd1 Qe5
28. Ne4 f5 29. Qb3 Qd5 30. Qxb4 fxe4 31. Nb3 Qf5 32. Rxd7 Rxd7 33. Nd4 Qe5 34.
f4 Qh5 35. Qa4 Rxd4 36. Qxd4 1-0

[Event "SG Muehlhof-R'dorf/Schw. 1-SG Bubenr./M"]
[Site "?"]
[Date "2015.03.22"]
[Round "8.3"]
[White "Loellmann, Heinrich"]
[Black "Mehwald, Thomas"]
[Result "1/2-1/2"]
[WhiteElo "1820"]
[BlackElo "1947"]
[PlyCount "80"]
[EventDate "2015.??.??"]
[WhiteTeam "SG Bubenr./Möhrendf. 1"]
[BlackTeam "SG Mühlhof-R'dorf/Schw. 1"]

1. e4 c5 2. Nf3 d6 3. c4 Nc6 4. Nc3 g6 5. d4 cxd4 6. Nxd4 Bg7 7. Be3 Nf6 8. Be2
O-O 9. O-O Ng4 10. Bxg4 Bxg4 11. Qxg4 Nxd4 12. Qd1 Nc6 13. Rc1 Rc8 14. b3 Qa5
15. Qd2 Rfd8 16. Rfd1 Rd7 17. a4 Qb4 18. Qc2 Na5 19. Nd5 Qxb3 20. Bxa7 Qxc2 21.
Rxc2 Rxc4 22. Rxc4 Nxc4 23. Rc1 b5 24. Be3 Nxe3 25. Rc8+ Bf8 26. Nxe3 bxa4 27.
Ra8 Rb7 28. Rxa4 Rb1+ 29. Nf1 Bh6 30. g3 Bd2 31. Ra2 Bc3 32. Kg2 Rb2 33. Rxb2
Bxb2 34. Ne3 Bd4 35. Nd5 Kf8 36. f4 e6 37. Nb4 Bc5 38. Nd3 h5 39. e5 Ke7 40.
exd6+ Bxd6 1/2-1/2

[Event "SG Muehlhof-R'dorf/Schw. 1-SG Bubenr./M"]
[Site "?"]
[Date "2015.03.22"]
[Round "8.4"]
[White "Reuter, Roland"]
[Black "Welsch, Andreas"]
[Result "1/2-1/2"]
[WhiteElo "1934"]
[BlackElo "1789"]
[PlyCount "53"]
[EventDate "2015.??.??"]
[WhiteTeam "SG Mühlhof-R'dorf/Schw. 1"]
[BlackTeam "SG Bubenr./Möhrendf. 1"]

1. e4 c5 2. Nf3 g6 3. Nc3 Bg7 4. Bc4 Nc6 5. a4 a6 6. O-O e6 7. Re1 Nge7 8. d3
O-O 9. Ba2 Qc7 10. Be3 Nb4 11. d4 Nxa2 12. Rxa2 d6 13. Qd2 Re8 14. Raa1 b6 15.
Rad1 Bb7 16. Bh6 Bh8 17. dxc5 dxc5 18. Bf4 Qc8 19. Bd6 f6 20. Bxe7 Rxe7 21. Qd6
Qc7 22. Qxc7 Rxc7 23. Rd6 Rc6 24. Red1 Bg7 25. Rxc6 Bxc6 26. Rd6 Rc8 27. Kf1
1/2-1/2

[Event "SG Muehlhof-R'dorf/Schw. 1-SG Bubenr./M"]
[Site "?"]
[Date "2015.03.22"]
[Round "8.5"]
[White "Kretschmer, Wolfgang"]
[Black "Dietrich, Jochen"]
[Result "1/2-1/2"]
[WhiteElo "1696"]
[BlackElo "1884"]
[PlyCount "35"]
[EventDate "2015.??.??"]
[WhiteTeam "SG Bubenr./Möhrendf. 1"]
[BlackTeam "SG Mühlhof-R'dorf/Schw. 1"]

1. c4 Nf6 2. Nc3 g6 3. g3 Bg7 4. Bg2 c6 5. d4 d6 6. Nf3 O-O 7. O-O Nbd7 8. e4
e5 9. d5 c5 10. Nd2 Ne8 11. f4 f5 12. exf5 Rxf5 13. Nde4 exf4 14. Bxf4 Ne5 15.
b3 Rh5 16. Bf3 Rf5 17. Bg2 Rh5 18. Bf3 1/2-1/2

[Event "SG Muehlhof-R'dorf/Schw. 1-SG Bubenr./M"]
[Site "?"]
[Date "2015.03.22"]
[Round "8.6"]
[White "Proeschel, Gerhard"]
[Black "Mettal, Thomas"]
[Result "1/2-1/2"]
[WhiteElo "1825"]
[BlackElo "1667"]
[PlyCount "30"]
[EventDate "2015.??.??"]
[WhiteTeam "SG Mühlhof-R'dorf/Schw. 1"]
[BlackTeam "SG Bubenr./Möhrendf. 1"]

1. e4 e6 2. d4 d5 3. Nd2 Nf6 4. e5 Nfd7 5. f4 c5 6. c3 Nc6 7. Ne2 Be7 8. Nf3 f6
9. Be3 cxd4 10. cxd4 O-O 11. a3 a5 12. Nc3 Nb6 13. Be2 Bd7 14. O-O a4 15. Nd2
Na5 1/2-1/2

[Event "SG Muehlhof-R'dorf/Schw. 1-SG Bubenr./M"]
[Site "?"]
[Date "2015.03.22"]
[Round "8.7"]
[White "Wiesent, Karl"]
[Black "Wirth, Karl-Heinz"]
[Result "1-0"]
[WhiteElo "1816"]
[BlackElo "1758"]
[PlyCount "81"]
[EventDate "2015.??.??"]
[WhiteTeam "SG Bubenr./Möhrendf. 1"]
[BlackTeam "SG Mühlhof-R'dorf/Schw. 1"]

1. b4 e5 2. Bb2 Nf6 3. a3 c5 4. b5 d6 5. e3 Be7 6. Be2 O-O 7. c4 Be6 8. Nc3
Nbd7 9. Qc2 Nb6 10. d3 Nfd7 11. Nf3 f5 12. O-O Qe8 13. Ne1 Qg6 14. e4 fxe4 15.
Nxe4 Nf6 16. Bf3 Rab8 17. a4 Nh5 18. Ng3 Nf4 19. Bc1 Nd7 20. Be4 Qf7 21. Bxf4
exf4 22. Ne2 Nf6 23. Nxf4 Rbe8 24. Nxe6 Qxe6 25. Bxb7 Kh8 26. Nf3 Nh5 27. Rae1
Qf6 28. Re3 Nf4 29. Ne1 Bd8 30. Rxe8 Rxe8 31. Be4 Qg5 32. g3 Ne6 33. Nf3 Qh6
34. Bd5 Ng5 35. Nxg5 Bxg5 36. a5 Bd8 37. b6 a6 38. Bb7 Bg5 39. Bxa6 Bd2 40. Bb7
Bxa5 41. Qa4 1-0

[Event "SG Muehlhof-R'dorf/Schw. 1-SG Bubenr./M"]
[Site "?"]
[Date "2015.03.22"]
[Round "8.8"]
[White "Niklaus, Guenter"]
[Black "Hollfelder, Gerhard"]
[Result "1-0"]
[WhiteElo "1883"]
[BlackElo "1587"]
[PlyCount "55"]
[EventDate "2015.??.??"]
[WhiteTeam "SG Mühlhof-R'dorf/Schw. 1"]
[BlackTeam "SG Bubenr./Möhrendf. 1"]

1. e4 e6 2. d4 d5 3. e5 c5 4. c3 Qb6 5. Nf3 Nc6 6. Bd3 cxd4 7. cxd4 Nb4 8. Be2
Ne7 9. O-O Nf5 10. Nc3 Bd7 11. Be3 Be7 12. a3 Na6 13. b4 Rc8 14. Na4 Qd8 15.
Nc5 Nxc5 16. bxc5 Bc6 17. Bd2 h6 18. Bd3 Nh4 19. Nxh4 Bxh4 20. Qg4 Bg5 21. f4
Be7 22. Qxg7 Rf8 23. f5 Bg5 24. Bxg5 hxg5 25. fxe6 Rc7 26. exf7+ Rcxf7 27. Rxf7
Rxf7 28. Bg6 1-0

[Event "SC 48/88 Erlangen 3-SC Forchheim 3"]
[Site "?"]
[Date "2015.03.22"]
[Round "8.1"]
[White "Wichmann, Adrian"]
[Black "Duerr, Florian"]
[Result "1/2-1/2"]
[WhiteElo "1931"]
[BlackElo "2004"]
[PlyCount "90"]
[EventDate "2015.??.??"]
[WhiteTeam "SC Forchheim 3"]
[BlackTeam "SC 48/88 Erlangen 3"]

1. e4 e6 2. d4 d5 3. Nc3 Nf6 4. Bg5 Be7 5. e5 Nfd7 6. Bxe7 Qxe7 7. f4 a6 8. Nf3
c5 9. Qd2 Nc6 10. Ne2 b5 11. c3 Nb6 12. Ng3 Bd7 13. Be2 Nc4 14. Bxc4 bxc4 15.
O-O O-O 16. Kh1 g6 17. Rab1 Rab8 18. Qf2 cxd4 19. Nxd4 Nxd4 20. Qxd4 Rb5 21.
Qd2 Rfb8 22. Ne2 R5b6 23. Nd4 Be8 24. g4 Qb7 25. Rf2 Bd7 26. Rg2 Qc7 27. Qe3
Qc8 28. Qf2 Qd8 29. h4 Qf8 30. Qg3 Qh6 31. Rh2 Kf8 32. Qf2 Ke8 33. Qd2 Kd8 34.
Kg2 Qg7 35. Kg3 h5 36. g5 Qf8 37. Qc2 Qc5 38. Re2 Qa5 39. b3 Qc5 40. b4 Qc7 41.
a3 Qa7 42. Rb2 a5 43. Rd2 Ra8 44. b5 a4 45. Kf3 Kc7 1/2-1/2

[Event "SC 48/88 Erlangen 3-SC Forchheim 3"]
[Site "?"]
[Date "2015.03.22"]
[Round "8.2"]
[White "Diller, Daniel"]
[Black "Balle, Alfred"]
[Result "1/2-1/2"]
[WhiteElo "1964"]
[BlackElo "1851"]
[PlyCount "81"]
[EventDate "2015.??.??"]
[WhiteTeam "SC 48/88 Erlangen 3"]
[BlackTeam "SC Forchheim 3"]

1. c4 e5 2. g3 Nc6 3. Nc3 g6 4. Bg2 Bg7 5. e4 Nge7 6. Nge2 d6 7. O-O O-O 8. d3
Be6 9. Nd5 Qd7 10. Bg5 f6 11. Be3 Nd8 12. Rc1 b6 13. d4 Nf7 14. c5 Nxd5 15.
exd5 Bf5 16. c6 Qe7 17. a4 Rab8 18. b4 Bh6 19. Bxh6 Nxh6 20. Qd2 Kg7 21. dxe5
fxe5 22. b5 Rbe8 23. Rce1 Ng4 24. Nc3 Nf6 25. f3 Qf7 26. Rf2 h6 27. h3 g5 28.
Kh2 Qh5 29. Rff1 Qg6 30. Ne4 Bxe4 31. fxe4 Re7 32. g4 Ref7 33. Rf5 Ng8 34. Ref1
Ne7 35. R5f2 Rxf2 36. Rxf2 Rxf2 37. Qxf2 Qf6 38. Qxf6+ Kxf6 39. Kg3 Ng6 40. Bf1
Nf4 41. Kf3 1/2-1/2